| 000 | 01003cam a2200265 a 4500 | ||
|---|---|---|---|
| 001 | 000003977 | ||
| 005 | 20200929150641.0 | ||
| 008 | 901019s1982 sp 000 f spa | ||
| 020 | _a8433930214 | ||
| 040 |
_aDO-SdBNP _cDLC _dDLC |
||
| 041 | 1 | 7 |
_aspa _heng _2Código de idioma MARC |
| 082 |
_a813.52 _bW464u |
||
| 100 | 1 |
_aWelty, Eudora, _d1909-2001. _911933 |
|
| 245 | 1 | 0 |
_aUna cortina de follaje : _by otros relatos / _cEurora Welty ; traducción, J. M. Álvarez Flórez y Ángela Pérez ; prólogo, Katherine Anne Porter. |
| 260 |
_aBarcelona : _bAnagrama, _c1982. |
||
| 300 |
_a219 p. ; _c20 cm. |
||
| 440 | 0 |
_aPanorama Narrativas ; _vno. 21 _911934 |
|
| 534 | _aTítulo original: A curtain of green and other stories. | ||
| 650 | 4 |
_aNovela estadounidense _9262 |
|
| 650 | 4 |
_aLiteratura estadounidense _9263 |
|
| 700 | 1 |
_aÁlvarez Flórez, J. M., _etr. _911935 |
|
| 700 | 1 |
_aPérez, Angela, _etr. _911936 |
|
| 700 | 1 |
_aPorter, Katherine Anne, _epról. _911937 |
|
| 910 | _aCatalogación por copia / LC | ||
| 999 |
_c3796 _d3796 |
||